Normal view
MARC view
- روشكا، الكسندر ، ترجمة ابو فخر،غسان عبد الحي
Entry Personal Name
001 - CONTROL NUMBER
- control field: 38856
003 - CONTROL NUMBER IDENTIFIER
- control field: JO-AjAnu
005 - DATE AND TIME OF LATEST TRANSACTION
- control field: 20230606080452.0
008 - FIXED-LENGTH DATA ELEMENTS
- fixed length control field: 230606|| aca||aabn | a|a d
040 ## - CATALOGING SOURCE
- Original cataloging agency: JO-AjAnu
- Transcribing agency: JO-AjAnu
100 ## - HEADING--PERSONAL NAME
- Personal name: روشكا، الكسندر ، ترجمة ابو فخر،غسان عبد الحي
670 ## - SOURCE DATA FOUND
- Source citation: Work cat.: (JO-AjAnu)19929: روشكا، الكسندر ، ترجمة ابو فخر،غسان عبد الحي, author, نمو الذكاء والابداع عند الاطفال :الابداع والشخصية ، الشخصية المبدعة ودور العوامل العقلية